Les 12 pays ayant le plus d'armes par habitants - Statistiques

Statistiques générales
  • Ce quiz a été pris 153 fois
  • Le résultat moyen est 4 sur 12
Statistiques - réponses
Hint Réponse % Correct
88,8 Etats Unis
89%
31,2 France
62%
45,7 Suisse
46%
34,2 Irak
42%
35 Arabie Saoudite
30%
54,8 Yemen
28%
31,3 Norvege
23%
31,6 Suede
22%
45,3 Finlande
21%
37,8 Serbie
13%
37,4 Chypre
2%
31,8 Uruguay
2%
Aucun quiz correspondant
Distribution des résultats
% des personnes avec chaque résultat
Percentile par nombre de réponses
Votre historique - résultats
Vous n’avez pas pris ce quiz